| 000 | 02926cam a22003854a 4500 | ||
|---|---|---|---|
| 001 | 13778288 | ||
| 005 | 20070613145318.0 | ||
| 008 | 041110s2004 nyua b 001 0 eng | ||
| 010 | _a 2004026733 | ||
| 020 | _a0789028883 (hard cover : alk. paper) | ||
| 020 | _a9780789028884(soft cover : alk. paper) | ||
| 040 |
_aDLC _cDLC _dDLC |
||
| 042 | _apcc | ||
| 043 | _aa------ | ||
| 050 | 0 | 0 |
_aHF5429.6.A75 _bI577 2004 |
| 082 | 0 | 0 |
_a658.870095 _222 _bINT |
| 245 | 0 | 0 |
_aInternational Retailing Plans and Strategies in Asia / _cJohn Dawson, Jung-Hee Lee, editors. |
| 260 |
_aBinghamton, NY : _bInternational Business Press, 2004 _cc2004. |
||
| 300 |
_a207 p. : _bill. ; _c23 cm. |
||
| 500 | _a"International retailing plans and strategies in Asia has been co-published simultaneously as Journal of global marketing, Volume 18, numbers 1/2 2004." | ||
| 504 | _aIncludes bibliographical references and index. | ||
| 505 | 0 | _aInternational retailing in Asia / John Dawson, Jung-Hee Lee -- Fairness and relationship quality perceived by local suppliers : in search of critical success factors for international retailers / Seongmu Suh -- Some reasons why foreign retailers have difficulties in succeeding in the Japanese market / Yoshinobu Sato -- The paradox of competition in the world of volatility : an analysis of the drivers in the middle market of international fashion retailing / Nobukazu J. Azuma -- New cultures, new strategies, new formats and new relationships in European retailing : some implications for Asia / John Dawson -- Expansion of Japanese retailers overseas / Roy Larke -- The effects of liberalization in retail markets on economy and retail industry in Korea / Jung-Hee Lee, Sang-Chul Choi -- The strategic importance of retail investment in Asia and its implications for the Metro Group in Asia / Verena Schmekel -- How does the global retailer localize its format? : the case of Toys"R" Us and Carrefour in Japan / Jungyim Baek -- The linkage of trades in terms of wholesale business formats in Japanese distribution systems / Junji Nishimura -- The characteristics of the new retail competition in Asia and the research agenda / Masao Mukoyama. | |
| 650 | 0 |
_aRetail trade _zAsia. _923245 |
|
| 650 | 0 |
_aStrategic planning _zAsia. _923246 |
|
| 650 | 0 |
_aCorporate culture _zAsia. _923247 |
|
| 651 | 0 |
_aAsia _xCommerce. _923248 |
|
| 653 |
_bBus _cApril2011 |
||
| 700 | 1 |
_aDawson, John A. _923249 |
|
| 700 | 1 |
_aLee, Jung-Hee, _d1961- _923250 |
|
| 730 | 0 |
_aJournal of global marketing. _923251 |
|
| 856 | 4 | 1 |
_3Table of contents _uhttp://www.loc.gov/catdir/toc/ecip053/2004026733.html |
| 942 |
_2ddc _cBB |
||
| 999 |
_c15161 _d15161 |
||